Michel Foucault /

Enregistré dans:
Détails bibliographiques
Auteur principal: Eribon, Didier (Auteur)
Autres auteurs: Buzzi, Andrea, (1960- )
Format: Livre
Langue:italien
Publié: Milano : Leonardo, 1991
Sujets:
Tags: Ajouter un tag
Pas de tags, Soyez le premier à ajouter un tag!

MARC

LEADER 00000nam a2200000 i 4500
001 IT\ICCU\RAV\0173059
003 ItRI
005 20260115231906.0
008 920113s1991 it |||||| ||||| |||||c
015 |2 IT  |a 92-8139 
020 |a 8835501709 
040 |b ita  |c importazione bologna sebina 
041 7 |a ita  |2 ISO-639-2 
082 |a 194  |9 FILOSOFIA OCCIDENTALE MODERNA. FRANCIA  |2 11 
100 1 |a Eribon, Didier  |0 IT\ICCU\CFIV\092488  |4 aut 
240 1 0 |a Michel Foucault  |3 IT\ICCU\RAV\0173061  |9 Eribon, Didier 
245 1 0 |a Michel Foucault /  |c Didier Eribon ; traduzione di Andrea Buzzi. 
260 |a Milano :  |b Leonardo,  |c 1991 
300 |a 472 p., \8! c. di tav. :  |b ill. ;  |c 23 cm 
500 |a Segue: Appendice 
650 7 |a Foucault, Michel  |x Biografie  |2 nsbncf 
700 1 |a Buzzi, Andrea,  |d  (1960- )  |0 IT\ICCU\CFIV\102397 
790 1 |a Buzzi, Andrea  |c  (traduttore)  |3 IT\ICCU\CFIV\367448  |z Buzzi, Andrea (1960- ) 
942 |2 ddc  |c BK  |n 0 
952 |0 0  |1 0  |4 0  |6 DOC_840_992000000000000_ERI  |7 0  |9 15601  |a BO  |b BO  |d 2026-01-15  |i 2616  |l 0  |o DOC 840.992 ERI  |p BO2616  |r 2026-01-15 23:19:06  |w 2026-01-15  |x [Sebina 5] [1 v.]  |y BK  |z 1 v. 
999 |c 13422  |d 13422